00840nam a2200193 a 4500008004100000020001500041050001500056110004000071245015700111260004300268300000900311350000900320650002500329650001100354650002500365995010900390999001700499952013000516091216s2000 ||||||||||||||||| || u a9174961799 aJC 571 Hum aSwedish Ministry of Foreign Affairs10aHuman rights in Sweden foreign policy: a summary of Swedish government report submitted to Parliament in March 1998cSwedish Ministry of Foreign Affairs aStoclholmbNorstedts Tryckeri ABc2000 a52p. a0.00 aCIVIL RIGHTS--SWEDEN aRIGHTS aHUMAN RIGHTS--SWEDEN D0.00FCBU-MAIN LIBRARY (Kitwe)H1I0.00M1UAVAILABLEWDec 16, 2009ZMain Library Open Access Collection c45988d45988 00102lcc4070a001b001cMain Library Open Access Collectiond2022-11-30l0oJC 571 Hump39939r2022-11-30w2022-11-30y002